000 01068nam a22003017a 4500
003 DO-SdBNP
005 20250429154218.0
007 ta
008 250429b2024 |||||||| |||| 00| 0 spa d
020 _a9789945801637
040 _aDO-SdBNP
_bspa
_cBNPHU
_erda
082 _axxx
_bB2689
_222
100 1 _aJimmy Barranco Ventura
_d1951-
_eautor
_4aut.
_987567
245 _aEstampas de mi Bohio /
_cJimmy Barranco Ventura ; prólogo, Luisa Navarro ; editor Ramon Saba
264 _aSanto Domingo :
_bImpresora Soto Castillo,
_c2024.
300 _a204 páginas :
_c23 cm.
336 _atexto
_btxt
_2rdacontent
337 _asin mediación
_bn
_2rdamedia
338 _avolumen
_bnc
_2rdacarrier
500 _aIncluye datos biografícos del autor en la solapa de la portada.
500 _aIncluye glosario de voces taínas, páginas 191-204.
504 _aBibliografía p: 185-189
590 _aInventariado, 2025/ YL
700 1 _aNavarro, Luisa
_eprólogo
_4prol.
_911168
700 1 _aSaba, Ramón
_eeditor
_4ed.
_971165
910 _aYLockward
942 _2ddc
_cLBS1
999 _c58343
_d58343